| 000 | 00563nam a22002057a 4500 | ||
|---|---|---|---|
| 005 | 20170316123113.0 | ||
| 008 | 170316b xxu||||| |||| 00| 0 eng d | ||
| 020 |
_a9780199212064 _cRs.8460.00 |
||
| 040 | _aLoreto College | ||
| 041 | _aEnglish | ||
| 082 |
_a370.3 _bWAL |
||
| 245 |
_aA dictionary of Education _cEdited by Susan Wallace |
||
| 260 |
_aOxford _bOxford University Press _c2008 |
||
| 300 |
_axvii,335p _b22cm |
||
| 504 | _aIncludes appendices | ||
| 650 | _aEducation-Dictionary | ||
| 700 |
_4ed. _aWallace,Susan |
||
| 850 | _aLCBED | ||
| 942 | _cBK | ||
| 999 |
_c40972 _d91451 |
||